Statistiques concernant Plus grande ville par pays, hors capitale

Cliquez ici pour prendre le quiz!

Statistiques générales

  • Ce quiz a été pris 158 fois
  • Le résultat moyen est 10 sur 15

Statistiques - réponses

PaysVille% Correct
FranceMarseille
99%
ItalieMilan
95%
Pays-BasRotterdam
91%
RussieSaint-Pétersbourg
88%
TurquieIstanbul
87%
BrésilSao Paulo
82%
IndeBombay
80%
MarocCasablanca
75%
CanadaToronto
71%
AllemagneHambourg
53%
Nouvelle ZélandeAuckland
51%
Arabie SaouditeDjeddah
37%
AutricheGraz
30%
CamerounDouala
24%
JaponYokohama
18%

Distribution des résultats

Percentile par nombre de réponses

% des personnes avec chaque résultat

Votre développement - résultats

Vous n’avez pas pris ce quiz